000 00676nam a2200241Ia 4500
003 OSt
005 20220918191055.0
006 a|||||r|||| 00| 0
007 ta
008 220917b |||||||| |||| 00| 0 eng d
024 _a61,305
037 _cTextual
040 _aARTS
_cARTS
_beng
041 _2eng
_aeng
082 _aQ6.4653jN17, M2
100 _aCoggins Richard Ed.
_974831
245 0 _aIsrael's Prophetic tradition
_b essays in honour of peter R Ackroyd
260 _aCambridge
_bCUP
_c1982
300 _axxi,272p.
_ccm.
650 _aRELIGION
942 _hQ6.4653jN17, M2
_cTEXL
_2CC
999 _c188167
_d188167